=LDR 00000nam 2200000 4500 =001 000275 =005 20250710124209 =035 ##$$a 0010-0725000112 =245 1#$$a Ayo,Kita Naik Rintik Hujan! /$c Anjali Vaidya =100 #$$a Vaidya,Anjali =250 ##$$a pertama =300 ##$$a 20hlm. : $b ilus. ; $c 22,9cm =856 ##$$a TBM AS-SYUHADA =700 #$$a Sayan Mukherjee =260 ##$$a Jakarta Timur :$b Badan Pengembangan dan Pembinaan Bahasa,$c 2022 =082 ##$$a 398.209 598 =650 #4$$a cerita anak indonesia-terjemah inggris, Literasi bahan bacaan